000 00624nam a2200253Ia 4500
005 20260121153708.0
008 008 260114s9999 xx 000 0 eng d
020 _a9781315641065
037 _aEBOOK
040 _aCRL
040 _beng
040 _cCRL
041 _2eng
041 _aeng
084 _qCRL
100 _aJonathan Hardy
_9997968
245 0 _aBranded Content: The Fateful Merging of Media and Marketing
260 _bTaylor and Francis
260 _c2022
856 _uhttp://www.taylorfrancis.com/books/9781315641065
942 _cEBOOK
999 _c1564787
_d1564787